000 02416njm a2200373 c 4500
001
003 DO-SdBNP
005 20240320095031.0
008 160127s2010 mx d spa
015 _a
017 _a
_b
020 _a9786071603982
035 _a
040 _aBPMSU
_bspa
_cBPMSU
_e
082 4 _a320.51
_bA283g 2010
_222
084 _a
_2
100 1 _aAguilar River, José Antonio.
_d
_4
245 1 3 _aLa geometría y el mito :
_bun ensayo sobre la libertad y el liberalismo en México, 1821-1970 /
_c José Antonio Aguilar River.
246 1 3 _aLa geometría y el mito
260 _aMéxico :
_bFondo de Cultura Econonómica,
_c2010
300 _a151 p. ;
_c23 cm.
_b
_e
490 0 _aSección de obras política y derecho,
_v17
500 _a Incluye referencias bibliográficas y notas al pie de las páginas
504 _aBibliografía : p. 145-151
505 0 _a
520 _aMéxico ejerció un atractivo singular, hecho de fascinación y terror, sobre varios escritores anglosajones notables del siglo XX. Pero sólo en Malcolm Lowry la mezcla de la vida y la obra alcanza abismos en verdad infernales, volcánicos, como hay tantos en la geografía mexicana. Los devotos lectores de Bajo el volcán (1947) -sin exageración, una de las cumbres literarias del siglo XX- supieron siempre que aquella novela magistral escondía claves personales que pedían una biografía definitiva que las revelara. Nadie mejor que Gordon Bowker para escribirla. Biógrafo de Orwell y Durrell y compilador editorial de Lowry, Bowker explora con detalle acucioso, a partir de fuentes y testimonios hasta ahora desconocidos, y con una sensibilidad a un tiempo cuidadosa y descarnada, el laberinto existencial de Lowry: el insensato suicidio al que orilló a un amigo de la juventud y la estela de culpa; el alcoholismo agresivo; sus dos matrimonios; la pérdida de sus manuscritos; el incendio de su casa; su tránsito por ciudades, prisiones, cantinas y sanatorios; su torturada relación con médicos, editores, familiares, doctores; su misteriosa muerte.
534 _pTítulo original :
_tPersued by furies. A life of Malcolm Lowry
590 _aInventariado, 2024/VM
650 4 _aLiberalismo
_zMéxico
_xHistoria
651 4 _aMéxico
_x Política y gobierno.
710 2 _aFondo de Cultura Económica (México)
910 _aVMateo V. Control de calidad. BPMSU
942 _2ddc
_cBK
999 _c14604
_d14604